A carregar...
Encyclopaedia of education for all: vol.1
| Outros Autores: | |
|---|---|
| Formato: | Printed Book |
| Publicado em: |
New Delhi:
APH publishing,
1996.
|
| Edição: | 1st ed. |
| Assuntos: |
| LEADER | 00494cam a2200157ua 4500 | ||
|---|---|---|---|
| 020 | |a 81-7024-759-4 | ||
| 082 | |a 370.3 |b ENC.1 | ||
| 245 | 1 | 0 | |a Encyclopaedia of education for all: vol.1 |
| 250 | |a 1st ed. | ||
| 260 | |a New Delhi: |b APH publishing, |c 1996. | ||
| 300 | |a 427p.. | ||
| 650 | 0 | |a Education-Encyclopaedias | |
| 700 | 0 | 2 | |a Bhaskara Rao,, Digumerti |
| 942 | |c REF | ||
| 999 | |c 8269 |d 8269 | ||
| 952 | |0 0 |1 0 |4 0 |6 370_300000000000000_ENC_1 |7 0 |9 8640 |a KUCL |b KUCL |d 2014-05-23 |l 0 |o 370.3 ENC.1 |p 01548 |r 2017-03-04 |y REF | ||